[Event "WSTCC-50 2020"]
[Site "Prague"]
[Date "2020.03.11"]
[Round "6.37"]
[White "Frostick, Clive A"]
[Black "Jakel, Wolfgang"]
[Result "1/2-1/2"]
[WhiteElo "2082"]
[BlackElo "2260"]
[Annotator "TA"]
[PlyCount "99"]
[EventDate "2020.03.06"]
[EventType "team-tourn"]
[EventCountry "CZE"]
[SourceTitle "playchess.com"]
[Source "ChessBase"]
[SourceQuality "1"]

{[%evp 23,99,17,15,4,0,-20,0,6,14,0,0,0,0,0,0,-8,0,-3,0,-25,-5,-9,12,-3,0,-14,-15,-45,-27,-12,-35,-29,-20,-34,0,-17,-17,-4,0,0,0,0,0,0,0,0,0,-8,-5,-9,-10,-11,-15,-15,-12,-20,-6,-6,-6,-6,-5,-6,-6,-8,0,0,0,0,0,0,0,0,0,0,0,0,0,0]} 1. e4 c5 2. Nf3 d6 3. Bb5+ Bd7 4. Bxd7+ Qxd7 5. c4 Nc6 6. d4 cxd4 7. Nxd4 Nf6 8. Nc3 e6 9. O-O Be7 10. b3 O-O 11. Bb2 Rac8 12. Re1 Rfd8 13. Qd2 {B52: Sicilian: Moscow Variation with 3...Bd7.} a6 14. Rad1 Qc7 15. h3 {[#]} b6 $146 ({Predecessor:} 15... Bf8) 16. Nc2 Qb7 17. Qe2 Ne8 18. Ne3 Rb8 19. Rc1 Bf6 20. Red1 b5 21. Rd2 Rdc8 22. Ncd1 {[%cal Bc3d1,Bd1f2,Bf2d3][%mdl 32]} Ne5 23. f4 Ng6 24. Qf3 Bxb2 25. Rxb2 Nf6 26. Nf2 bxc4 27. Rxc4 Rxc4 28. Nxc4 Qb4 29. Nd3 {The position is equal.} Qc3 {White must now prevent ...Nxe4!} 30. Nxd6 Qd4+ 31. Rf2 Nh4 32. Qe2 $1 Qxd6 33. e5 {[%mdl 64] [#] Double Attack} Qd4 {Hoping for ...Ne4.} 34. exf6 gxf6 35. Qg4+ Ng6 36. f5 Qxd3 37. fxg6 hxg6 $11 {[%mdl 4096] Endgame KQR-KQR} 38. Qf4 Rc8 39. Qxf6 Rc1+ 40. Kh2 $132 {[%mdl 2048] White is fighting back} Qd6+ 41. Qf4 Rd1 42. Qxd6 Rxd6 {KR-KR} 43. b4 e5 44. Rb2 e4 45. Kg3 Rd3+ 46. Kf4 e3 47. Kf3 Ra3 48. b5 axb5 49. Rxb5 Rxa2 50. Re5 {A rather calm draw. Accuracy: White = 97%, Black = 97%.} 1/2-1/2

[Event "WSTCC-50 2020"]
[Site "Prague"]
[Date "2020.03.11"]
[Round "6.38"]
[White "Sandten, Ulrich"]
[Black "White, Nigel"]
[Result "1/2-1/2"]
[WhiteElo "2100"]
[BlackElo "2001"]
[Annotator "TA"]
[PlyCount "138"]
[EventDate "2020.03.06"]
[EventType "team-tourn"]
[EventCountry "CZE"]
[SourceTitle "playchess.com"]
[Source "ChessBase"]
[SourceQuality "1"]

{[%evp 16,138,15,10,60,22,19,0,11,7,31,16,21,15,26,-45,-45,-117,-112,-126,-79,-93,-68,-52,-40,-52,-73,-63,-6,-18,-10,-102,-102,-138,-131,-150,-115,-165,-170,-144,-107,-140,-140,-140,-140,-140,-140,-140,-129,-143,-143,-143,-143,-176,-176,-168,-151,-150,-143,-143,-143,-143,-143,-143,-143,-143,-84,-85,-76,-143,-82,-150,-141,-141,0,-143,-76,-104,-97,-94,-76,-94,-87,-140,-135,-126,-90,-113,-111,-170,-168,-533,-455,-520,-192,-668,0,-529,-479,-412,-191,-200,-203,-162,-200,-213,-213,-643,-134,-655,-419,-650,-620,-546,-507,-554,-850,-572,-479,-448,-409,-366,-310,-273,0]} 1. d4 Nf6 2. Nf3 g6 3. e3 Bg7 4. Be2 O-O 5. O-O d6 6. c4 Nbd7 7. Nc3 e5 8. b4 c6 9. a4 e4 {E61: King's Indian: Early deviations for White, including Smyslov System.} 10. Ne1 Re8 11. Ra2 {[#]} a5 $146 {The position is equal.} ({Predecessor:} 11... Nf8 12. b5 h5 13. a5 a6 14. bxc6 bxc6 15. Bd2 h4 16. Na4 Ra7 17. Nc2 h3 {0-1 (61) Nikolaiczuk,L (2295)-Hertneck,G (2445) Dortmund 1986}) 12. bxa5 Rxa5 13. Bd2 Ra8 14. Nc2 h5 15. f4 (15. a5 $11) 15... exf3 $1 $15 16. Bxf3 (16. gxf3 $15 d5 17. cxd5) 16... Nb6 $17 17. Na3 d5 18. cxd5 Nbxd5 19. Nxd5 Nxd5 20. Nc4 Be6 {And now ...Nxe3! would win.} 21. Rb2 {[#]} Qc7 ({Black should try} 21... c5 $1 $15 {[%mdl 512]} 22. Ne5 (22. dxc5 Bxb2) 22... cxd4 23. exd4 Qb8) 22. a5 $11 c5 23. Nb6 (23. Bxd5 $11 Bxd5 24. Nb6 {[%mdl 64] Double Attack}) 23... Nxb6 $17 24. axb6 Qd7 $36 {[%mdl 2048] Keeping White busy.} 25. Bc3 Bc4 26. Be2 Bxe2 ({Resist} 26... Rxe3 27. Bxc4 Rxc3 28. Bxf7+ Kh7 29. Qb1 $17) 27. Rxe2 cxd4 28. Rd2 {[%cal Rc3d4]} Rxe3 29. Bxd4 Bxd4 30. Rxd4 Qc6 31. Rd6 Qc5 32. Kh1 Rae8 33. Rdf6 R8e7 $1 34. Qb1 R3e6 35. Qb2 Qe5 36. Rxe6 Rxe6 {[%mdl 4096] Endgame KQR-KQR} ({Much weaker is} 36... Qxb2 37. Rxe7 Qxb6 38. Rexf7 $14) 37. Qf2 Re7 38. h3 Qe3 39. Qf6 {intending Rd1.} Qe6 40. Qf2 Rd7 (40... Qd6 $142 41. Rc1 Re6) 41. Re1 Qd6 42. Qb2 (42. Re8+ $142 Kh7 43. Qb2) 42... Re7 (42... Rd8 $142 43. Kg1 Qc5+ 44. Kh1 Rd4 45. Re8+ Kh7) 43. Rc1 (43. Rxe7 $142 Qxe7 44. Qd4) 43... Kh7 44. Rf1 Kg8 45. Rc1 $1 {[%cal Rc1c8] White threatens Rc8+ and mate.} f6 ({Black should play} 45... Qd7 46. Qf6 Re6) 46. Qb3+ Kg7 47. Rd1 Qf4 48. Qa3 Qe5 49. Rc1 (49. h4 $142) 49... g5 50. Qb4 f5 51. Qd2 Kg6 $1 52. Qa2 (52. Rd1 $17) 52... g4 $19 53. h4 $2 (53. Rd1) 53... g3 54. Qg8+ Qg7 $2 (54... Rg7 55. Qb3 Qf4 $1 {[%mdl 512]} 56. Qe6+ Kh7 $1 {[%mdl 512]}) 55. Qb8 $2 (55. Qd8) 55... Qe5 {( -> ...Qe1+!)} 56. Qg8+ Rg7 $1 {[%cal Rg7g8]} 57. Qd8 Qf6 (57... f4 $142 58. Qd3+ Qf5) 58. Qe8+ Rf7 59. Qg8+ Qg7 $1 {[%cal Rg7g8]} 60. Qd8 Kh7 61. Rd1 $2 (61. Qd1 Qg4 62. Qd8) 61... f4 $2 (61... Qf6 $19 {and Black stays clearly on top.} 62. Qxf6 Rxf6) 62. Rd5 $2 {[%mdl 8192] [#] This move loses the game for White.} (62. Qd3+ $17 Qg6 63. Qd5) 62... Qa1+ $1 63. Rd1 Qe5 64. Qd3+ Kg7 65. Qf3 Re7 {White must now prevent ...Qe1+!} 66. Rf1 Kg6 67. Qd3+ Qe4 68. Qd6+ Re6 69. Qf8 {[#]} Qe5 $2 {Accuracy: White = 58%, Black = 65%.} (69... Re8 $1 $19 {[%cal Re8f8]} 70. Qd6+ Kg7) 1/2-1/2

[Event "WSTCC-50 2020"]
[Site "Prague"]
[Date "2020.03.11"]
[Round "6.39"]
[White "Thurstan, Tim M"]
[Black "Zimmermann, Rolf"]
[Result "1/2-1/2"]
[WhiteElo "1987"]
[BlackElo "2090"]
[Annotator "ChessBase"]
[PlyCount "59"]
[EventDate "2020.03.06"]
[EventType "team-tourn"]
[EventCountry "CZE"]
[SourceTitle "playchess.com"]
[Source "ChessBase"]
[SourceQuality "1"]
[TimeControl "40/5400+30:1800+30"]

1. f4 {[%emt 0:00:00]} d5 {[%emt 0:00:00]} 2. Nf3 {[%emt 0:00:00]} c5 {[%emt 0:00:00]} 3. g3 {[%emt 0:00:26]} Nc6 {[%emt 0:00:37]} 4. Bg2 {[%emt 0:00:40]} Nf6 {[%emt 0:00:59]} 5. d3 {[%emt 0:00:09]} g6 {[%emt 0:01:14]} 6. O-O {[%emt 0:01:44]} Bg7 {[%emt 0:02:58]} 7. c3 {[%emt 0:00:07]} O-O {[%emt 0:00:25]} 8. Na3 {[%emt 0:00:03]} b6 {[%emt 0:01:26]} 9. Qa4 {[%emt 0:04:23]} Bd7 {[%emt 0:01:00]} 10. e4 {[%emt 0:06:59]} e6 {[%emt 0:21:23]} 11. Qc2 Ne8 12. Be3 {[%emt 0:08:28]} Rc8 {[%emt 0:19:48]} 13. Qd2 {[%emt 0:10:56]} Nd6 {[%emt 0:04:53]} 14. e5 {[%emt 0:02:32]} Nf5 {[%emt 0:00:29]} 15. Bf2 {[%emt 0:03:38]} a6 {[%emt 0:02:21]} 16. g4 {[%emt 0:05:56]} Nfe7 {[%emt 0:00:48]} 17. Nc2 {[%emt 0:00:41]} f6 {[%emt 0:04:37]} 18. Rae1 {[%emt 0:02:47]} fxe5 {[%emt 0:01:06]} 19. fxe5 {[%emt 0:00:48]} Qc7 {[%emt 0:01:01]} 20. Bg3 {[%emt 0:02:44]} h6 {[%emt 0:02:05]} 21. Rf2 {[%emt 0:06:42]} Rce8 {[%emt 0:00:37]} 22. d4 {[%emt 0:02:22]} c4 {[%emt 0:00:59]} 23. Ne3 {[%emt 0:01:21]} Rf7 {[%emt 0:01:52]} 24. Qc2 {[%emt 0:05:44]} Ref8 {[%emt 0:00:31]} 25. Ref1 {[%emt 0:06:33]} Be8 {[%emt 0:00:07]} 26. g5 {[%emt 0:09:09]} h5 {[%emt 0:01:52]} 27. Bh3 {[%emt 0:03:16]} Qd7 {[%emt 0:01:54]} 28. Nh4 {[%emt 0:04:03]} Rxf2 {[%emt 0:00:47]} 29. Rxf2 {[%emt 0:00:08]} Rxf2 {[%emt 0:00:18]} 30. Kxf2 1/2-1/2

[Event "WSTCC-50 2020"]
[Site "Prague"]
[Date "2020.03.11"]
[Round "6.40"]
[White "Hoehn, Michael"]
[Black "Lawrence, Paul"]
[Result "0-1"]
[WhiteElo "2036"]
[BlackElo "1894"]
[Annotator "ChessBase"]
[PlyCount "68"]
[EventDate "2020.03.06"]
[EventType "team-tourn"]
[EventCountry "CZE"]
[SourceTitle "playchess.com"]
[Source "ChessBase"]
[SourceQuality "1"]
[TimeControl "40/5400+30:1800+30"]

1. Nf3 {[%emt 0:00:00]} Nf6 {[%emt 0:00:00]} 2. d4 {[%emt 0:00:00]} g6 {[%emt 0:00:00]} 3. g3 {[%emt 0:00:09]} Bg7 {[%emt 0:00:10]} 4. Bg2 {[%emt 0:00:06]} O-O {[%emt 0:00:24]} 5. O-O {[%emt 0:00:47]} d6 {[%emt 0:00:33]} 6. c4 {[%emt 0:00:14]} c5 {[%emt 0:00:49]} 7. Nc3 {[%emt 0:00:59]} Nbd7 {[%emt 0:02:40]} 8. e4 {[%emt 0:03:33]} cxd4 {[%emt 0:07:54]} 9. Nxd4 {[%emt 0:00:10]} Ne5 {[%emt 0:03:47]} 10. b3 Bg4 {[%emt 0:10:29]} 11. f3 {[%emt 0:07:08]} Bd7 {[%emt 0:04:43]} 12. Kh1 {[%emt 0:01:43]} a6 13. Be3 h5 14. f4 Nfg4 15. Bg1 Nc6 16. h3 Nxd4 17. Bxd4 e5 18. hxg4 exd4 19. Nd5 Bxg4 20. Qd3 Re8 21. Rf2 f5 22. Re1 Rc8 23. Qd2 h4 24. Kh2 b5 25. exf5 gxf5 26. Rff1 bxc4 27. Rxe8+ Qxe8 28. Re1 Qd8 29. Re7 c3 30. Qe1 c2 31. Qe6+ Kh8 32. Nf6 hxg3+ 33. Kxg3 c1=Q 34. Kh4 Qxf4 0-1

[Event "WSTCC-50 2020"]
[Site "Prague"]
[Date "2020.03.11"]
[Round "6.45"]
[White "Pieper, Thomas"]
[Black "Papacek, Stepan"]
[Result "1/2-1/2"]
[WhiteElo "2258"]
[BlackElo "2265"]
[Annotator "TA"]
[PlyCount "50"]
[EventDate "2020.03.06"]
[EventType "team-tourn"]
[EventCountry "CZE"]
[SourceTitle "playchess.com"]
[Source "ChessBase"]
[SourceQuality "1"]

{[%evp 9,50,46,45,-9,0,-8,-2,-10,-1,-12,-4,-10,0,-5,-3,-45,-22,-63,-72,-66,-47,-51,-4,0,0,-27,-14,-18,0,0,0,0,0,-85,-63,-28,-4,-6,-7,-20,-12,-112,0]} 1. e4 e5 2. Nf3 Nc6 3. d4 exd4 4. Nxd4 g6 5. Nxc6 bxc6 6. Bd2 {C45: Scotch Game.} (6. Bc4 $14) 6... Bg7 $11 7. Bc3 Nf6 8. Bd3 {The position is equal.} O-O 9. O-O d5 10. Nd2 Re8 {[%cal Rd5e4] [#]} 11. exd5 $146 ({Predecessor:} 11. Re1 a5 12. exd5 Rxe1+ 13. Qxe1 cxd5 14. Nb3 a4 15. Nc5 d4 16. Bd2 Qd5 17. Ne4 {1-0 (40) Molina,P (2274)-Morales,M (1830) Villa Martelli 2017}) 11... cxd5 12. Nb3 Qd6 13. Be2 c5 14. Bf3 Be6 15. Re1 d4 16. Bxa8 Rxa8 17. Nxd4 cxd4 18. Qxd4 Qc6 19. Qh4 $1 Bd5 20. f3 h6 21. Re2 {[#]} (21. a4 $11 {remains equal.}) 21... g5 $1 $36 {[%cal Rg5h4][%mdl 2048] Black has the initiative.} 22. Qe1 Nh5 23. Bxg7 Kxg7 24. b3 Nf4 {Threatens to win with ...Bxf3.} 25. Rd2 {[#]} (25. Rf2 $1 $11) 25... Qc5+ {Accuracy: White = 73%, Black = 89%.} (25... Bxf3 $1 $17 {[%mdl 512]} 26. gxf3 Qxf3) 1/2-1/2

[Event "WSTCC-50 2020"]
[Site "Prague"]
[Date "2020.03.11"]
[Round "6.46"]
[White "Bretsnajdr, Vladimir"]
[Black "Kempter, Ronald"]
[Result "1/2-1/2"]
[WhiteElo "2230"]
[BlackElo "2238"]
[Annotator "TA"]
[PlyCount "32"]
[EventDate "2020.03.06"]
[EventType "team-tourn"]
[EventCountry "CZE"]
[SourceTitle "playchess.com"]
[Source "ChessBase"]
[SourceQuality "1"]

{[%evp 24,32,16,0,0,0,0,0,-10,-7,0]} 1. Nf3 Nf6 2. g3 g6 3. Bg2 Bg7 4. O-O O-O 5. d4 d6 6. c4 Nc6 7. d5 Na5 8. Nfd2 c5 9. Nc3 a6 10. Qc2 Rb8 11. b3 b5 12. Bb2 {12.Rb1 is vanishing.} e5 13. Rab1 {The position is equal. 13.Rae1 is the modern continuation.} h5 {E66: King's Indian: Fianchetto: 6...c5 7 0-0 Nc6 8 d5.} 14. h3 {[#]} h4 $146 ({Predecessor:} 14... Nh7 15. e4 h4 16. Ne2 hxg3 17. fxg3 Bd7 18. Bc3 Nb7 19. Nf3 Ng5 20. Nxg5 Qxg5 21. Bd2 {½-½ (42) Van Wely,L (2650)-Vassallo Barroche,M (2424) Linares 2014}) 15. g4 Nh7 16. e3 f5 {Not much happened in this game.} 1/2-1/2

[Event "WSTCC-50 2020"]
[Site "Prague"]
[Date "2020.03.11"]
[Round "6.47"]
[White "Scheckenbach, Franz"]
[Black "Sura, Jaroslav"]
[Result "1/2-1/2"]
[WhiteElo "2101"]
[BlackElo "2013"]
[Annotator "ChessBase"]
[PlyCount "22"]
[EventDate "2020.03.06"]
[EventType "team-tourn"]
[EventCountry "CZE"]
[SourceTitle "playchess.com"]
[Source "ChessBase"]
[SourceQuality "1"]
[TimeControl "40/5400+30:1800+30"]

1. e4 e5 2. Nf3 Nc6 3. Bc4 Nf6 4. d3 h6 5. c3 d6 6. Nbd2 g5 7. h3 Bg7 8. Bb3 Ne7 9. Nf1 Ng6 10. g3 c6 11. h4 g4 1/2-1/2

[Event "WSTCC-50 2020"]
[Site "Prague"]
[Date "2020.03.11"]
[Round "6.48"]
[White "Ruzicka, Tomas"]
[Black "Arndt, Olaf"]
[Result "0-1"]
[WhiteElo "1748"]
[BlackElo "1887"]
[Annotator "NA"]
[PlyCount "74"]
[EventDate "2020.03.06"]
[EventType "team-tourn"]
[EventCountry "CZE"]
[SourceTitle "playchess.com"]
[Source "ChessBase"]
[SourceQuality "1"]
[TimeControl "40/5400+30:1800+30"]

1. e4 {[%emt 0:00:00]} d5 {[%emt 0:00:00]} 2. e5 c5 {[%emt 0:00:00]} 3. f4 {[%emt 0:00:00]} Nc6 {[%emt 0:00:00]} 4. Nf3 {[%emt 0:00:00]} Nh6 {[%emt 0:00:03]} 5. Be2 {[%emt 0:00:20]} Nf5 {[%emt 0:03:30]} 6. O-O {[%emt 0:00:21]} Nfd4 {[%emt 0:01:01]} 7. c3 Nxe2+ {[%emt 0:00:07]} 8. Qxe2 {[%emt 0:01:14]} Qb6 {[%emt 0:11:19]} 9. d3 {[%emt 0:00:30]} Bf5 {[%emt 0:00:24]} 10. b3 {[%emt 0:03:24]} (10. Be3 $11) 10... c4+ {[%emt 0:00:34]} 11. Qf2 {[%emt 0:05:26]} ({Better is} 11. Be3 $1 $15 cxd3 12. Qf2) 11... Qxf2+ {[%emt 0:02:45]} 12. Rxf2 {[%emt 0:00:51]} Bxd3 {[%emt 0:00:20]} 13. Ba3 {[%emt 0:03:44]} e6 {[%emt 0:02:53]} 14. Bxf8 {[%emt 0:00:15]} Rxf8 {[%emt 0:00:17]} 15. Na3 {[%emt 0:01:03]} cxb3 {[%emt 0:07:45]} 16. axb3 {[%emt 0:01:06]} Ke7 $17 {[%emt 0:03:07]} 17. Rd1 {[%emt 0:03:20]} Ba6 {[%emt 0:01:03]} 18. Nd2 {[%emt 0:03:34]} b6 {[%emt 0:08:35]} 19. b4 {[%emt 0:00:48]} Bd3 {[%emt 0:05:14]} 20. Nb3 {[%emt 0:03:11]} Bc4 {[%emt 0:01:14]} 21. Nd2 {[%emt 0:00:39]} b5 {[%emt 0:00:25]} 22. Ndxc4 {[%emt 0:02:42]} bxc4 {[%emt 0:00:50]} 23. Nb5 {[%emt 0:00:15]} a5 {[%emt 0:00:56]} 24. bxa5 {[%emt 0:02:06]} Rxa5 {[%emt 0:00:41]} 25. Nd6 {[%emt 0:01:01]} Rb8 {[%emt 0:01:38]} 26. g3 {[%emt 0:05:51]} Ra3 {[%emt 0:03:13]} 27. Rc1 {[%emt 0:04:01]} f6 {[%emt 0:01:17]} 28. Re1 {[%emt 0:09:59]} Rxc3 {[%emt 0:02:03]} 29. Ree2 {[%emt 0:01:07]} fxe5 {[%emt 0:02:14]} 30. fxe5 {[%emt 0:00:40]} Nxe5 {[%emt 0:02:07]} 31. Nf5+ {[%emt 0:01:26]} exf5 {[%emt 0:00:16]} 32. Rxe5+ {[%emt 0:00:04]} Kd6 {[%emt 0:00:08]} 33. Rexf5 {[%emt 0:03:12]} Rd3 {[%emt 0:01:52]} 34. Rf7 {[%emt 0:00:22]} c3 {[%emt 0:01:00]} 35. Rxg7 {[%emt 0:02:02]} Rd2 {[%emt 0:00:25]} 36. Rf6+ {[%emt 0:02:47]} Ke5 {[%emt 0:00:07]} 37. Rgf7 {[%emt 0:00:09]} Rb1+ {[%emt 0:00:25]} 0-1

[Event "WSTCC-50 2020"]
[Site "Prague"]
[Date "2020.03.12"]
[Round "7.5"]
[White "Potapov, Alexander"]
[Black "Hracek, Zbynek"]
[Result "1/2-1/2"]
[WhiteElo "2413"]
[BlackElo "2572"]
[Annotator "TA"]
[PlyCount "34"]
[EventDate "2020.03.06"]
[EventType "team-tourn"]
[EventCountry "CZE"]
[SourceTitle "playchess.com"]
[Source "ChessBase"]
[SourceQuality "1"]

{[%evp 17,19,37,30,6]} 1. d4 d5 2. c4 e6 3. Nc3 Nf6 4. Bg5 Be7 5. e3 O-O 6. Nf3 h6 7. Bh4 Nbd7 8. Rc1 dxc4 {8...c5 gains popularity.} 9. Bxc4 a6 10. O-O {[#] An uneventful encounter. has lost popularity (10.a4). D63: Queen's Gambit Declined: Classical: 7 Rc1.} {Predecessor:} b5 $146 11. Be2 Bb7 12. Qc2 c5 13. dxc5 Nxc5 14. b4 Ncd7 15. Qb3 Qb6 16. Rfd1 Rfd8 17. Rd4 Nf8 {½-½ (60) Kiewra,K (2426)-Moradiabadi,E (2595) Rockville 2016} 1/2-1/2

[Event "WSTCC-50 2020"]
[Site "Prague"]
[Date "2020.03.12"]
[Round "7.7"]
[White "Goriatchkin, Jouri"]
[Black "Velicka, Petr"]
[Result "1/2-1/2"]
[WhiteElo "2310"]
[BlackElo "2425"]
[Annotator "TA"]
[PlyCount "33"]
[EventDate "2020.03.06"]
[EventType "team-tourn"]
[EventCountry "CZE"]
[SourceTitle "playchess.com"]
[Source "ChessBase"]
[SourceQuality "1"]

{[%evp 13,18,19,25,25,25,25,27]} 1. d4 d5 2. c4 c6 3. cxd5 cxd5 4. Nc3 Nf6 5. Bf4 Nc6 6. e3 Bf5 7. Qb3 Na5 8. Qa4+ {D10: Slav Defence: 3 cxd5 (without early Nf3) and 3 Nc3.} Bd7 9. Qc2 e6 {[#] A rather calm draw.} {Predecessor:} 10. Bd3 $146 Nc6 11. Qe2 Bb4 12. Nf3 Nh5 13. Bg5 Qa5 14. O-O h6 15. Bh4 g5 16. Bg3 Nxg3 17. fxg3 {½-½ (75) Harikrishna,P (2731)-Carlsen,M (2870) Kolkata 2019} 1/2-1/2

[Event "WSTCC-50 2020"]
[Site "Prague"]
[Date "2020.03.12"]
[Round "7.8"]
[White "Konopka, Michal"]
[Black "Tolstikh, Nikolay"]
[Result "1/2-1/2"]
[WhiteElo "2353"]
[BlackElo "2320"]
[Annotator "TA"]
[PlyCount "32"]
[EventDate "2020.03.06"]
[EventType "team-tourn"]
[EventCountry "CZE"]
[SourceTitle "playchess.com"]
[Source "ChessBase"]
[SourceQuality "1"]

{[%evp 13,15,14,39,0]} 1. Nf3 d5 2. d4 Nf6 3. c4 c6 4. Qc2 dxc4 5. Qxc4 Bf5 6. g3 e6 7. Bg2 Be7 8. O-O {[#] A rather calm draw. D23: Queen's Gambit Accepted: 3 Nf3 Nf6 sidelines.} {Predecessor:} O-O $146 9. Qb3 Qb6 10. Nbd2 Nbd7 11. Nc4 Qa6 12. Bf4 Be4 13. Bd6 Bd5 14. Bxe7 Bxc4 15. Qc2 Rfe8 16. Bxf6 Nxf6 {1-0 (51) Shankland,S (2683)-Robson,R (2673) chess.com INT 2020} 1/2-1/2

[Event "WSTCC-50 2020"]
[Site "Prague"]
[Date "2020.03.12"]
[Round "7.13"]
[White "Ftacnik, Lubomir"]
[Black "Vokac, Marek"]
[Result "1/2-1/2"]
[WhiteElo "2513"]
[BlackElo "2348"]
[Annotator "TA"]
[PlyCount "95"]
[EventDate "2020.03.06"]
[EventType "team-tourn"]
[EventCountry "CZE"]
[SourceTitle "playchess.com"]
[Source "ChessBase"]
[SourceQuality "1"]

{[%evp 10,95,15,0,16,0,1,-22,-9,-25,-20,-24,-18,-62,-52,-50,-47,-50,-33,-72,-19,-42,-39,-44,-53,-47,0,-63,-72,-77,-47,-176,-149,-212,-171,-140,-162,-162,-154,-184,-141,-147,-147,-147,-140,-139,-139,-139,-139,-154,-103,-122,-121,-125,-122,-128,-135,-133,-136,-136,-131,-132,-99,-116,-103,-103,-75,-86,-20,-120,0,-75,-14,-33,-14,-14,0,-17,0,0,0,0,8,0,0,0,8,0]} 1. d4 Nf6 2. Nf3 g6 3. Bf4 Bg7 4. c3 O-O 5. Nbd2 d6 6. h3 Qe8 {A48: 1 d4 Nf6 2 Nf3 g6: Torre, London and Colle Systems.} 7. e3 Nc6 8. Bh2 e5 9. dxe5 Nxe5 10. Nxe5 dxe5 11. Nc4 Nd7 {[#]} 12. Be2 $146 ({Predecessor:} 12. a4 Nb6 13. a5 Nxc4 14. Bxc4 a6 15. O-O Bd7 16. Qb3 Bc6 17. Rfd1 Qe7 18. Bd5 Bxd5 19. Qxd5 {½-½ (34) Shabtai,R (2330)-Olesen,M (2340) Copenhagen 1995}) 12... Qe7 13. b4 e4 14. Rc1 Nf6 (14... Nb6 $17) 15. Na5 Rd8 16. Qb3 $1 Nd5 17. O-O c6 18. b5 (18. Rfd1 $11) 18... cxb5 $15 19. Bxb5 Be6 $36 {[%mdl 2048] Black has good play.} 20. c4 {[#]} ({White has to play} 20. Bc4 $15) 20... Nb4 $1 $19 21. Nxb7 (21. Rb1 $17 Bf8 22. Ba4) 21... Qxb7 22. Qxb4 {Qa4 is the strong threat.} a6 23. a4 axb5 24. axb5 Ra2 25. c5 Rb2 26. c6 {aiming for Qxb2.} Qxb5 27. Qxe4 Rb4 28. c7 Rc8 (28... Rxe4 $2 {is the wrong capture.} 29. cxd8=Q+ Bf8 30. Bd6 $18) 29. Qc6 Be5 (29... Qxc6 $142 30. Rxc6 Bd7) 30. Bxe5 Qxe5 31. Rfd1 {Hoping for Rd8+.} Qf6 32. Rd2 {Rcd1 would now be nice for White.} Kg7 33. Qd6 Rb2 34. Rxb2 Qxb2 35. Qc5 h5 36. Rc2 Qa1+ 37. Kh2 Qf6 38. f4 Qf5 (38... Re8 $17) 39. Qc3+ (39. Qd4+ $1 $11 Qf6 40. Qc5) 39... Qf6 40. Qc5 $1 h4 ({Better is} 40... Re8 $17) 41. Rd2 $1 $11 Re8 42. Rd6 {The position is equal.} Rc8 43. Rd2 Kh6 44. Rd8 Kh7 ({Don't go for} 44... Rxd8 $2 {[#]} 45. Qg5+ $1 {[%mdl 512]} Qxg5 46. fxg5+ Kxg5 47. cxd8=Q+ $18) 45. Qd6 {Threatens to win with Rxc8.} Qg7 46. Qe7 g5 $1 47. Rxc8 Bxc8 48. fxg5 {Whites escaped into a draw. Accuracy: White = 77%, Black = 71%.} 1/2-1/2

[Event "WSTCC-50 2020"]
[Site "Prague"]
[Date "2020.03.12"]
[Round "7.14"]
[White "Zpevak, Pavel"]
[Black "Stohl, Igor"]
[Result "1/2-1/2"]
[WhiteElo "2344"]
[BlackElo "2470"]
[Annotator "TA"]
[PlyCount "34"]
[EventDate "2020.03.06"]
[EventType "team-tourn"]
[EventCountry "CZE"]
[SourceTitle "playchess.com"]
[Source "ChessBase"]
[SourceQuality "1"]

{[%evp 16,21,18,2,10,4,2,3]} 1. d4 Nf6 2. c4 e6 3. Nf3 b6 4. Nc3 Bb7 5. a3 d5 6. Bg5 Be7 7. Qa4+ Bc6 8. Qb3 dxc4 9. Qxc4 {The position is equal.} O-O {E12: Queen's Indian: Unusual White 4th moves, 4 a3, 4 Nc3 Bb7 5 a3 and 4 Nc3 Bb7 .} 10. Bxf6 Bxf6 11. e4 {[#] A rather calm draw.} {Predecessor:} b5 $146 12. Qd3 Nd7 13. Qe3 a6 14. Rd1 Qb8 15. Bd3 e5 16. d5 Bb7 17. O-O Be7 {½-½ (34) Mamedyarov,S (2729)-Karjakin,S (2785) Istanbul 2012} 1/2-1/2

[Event "WSTCC-50 2020"]
[Site "Prague"]
[Date "2020.03.12"]
[Round "7.15"]
[White "Motuz, Karol"]
[Black "Polasek, Jaroslav"]
[Result "1-0"]
[WhiteElo "2368"]
[BlackElo "2365"]
[Annotator "TA"]
[PlyCount "47"]
[EventDate "2020.03.06"]
[EventType "team-tourn"]
[EventCountry "CZE"]
[SourceTitle "playchess.com"]
[Source "ChessBase"]
[SourceQuality "1"]

{[%evp 17,47,39,46,55,58,52,128,132,125,131,143,154,227,224,237,266,268,270,241,208,202,196,208,93,215,170,174,143,154,125,29998,29999]} 1. d4 e6 2. Nf3 f5 3. g3 Nf6 4. Bg2 Be7 5. O-O O-O 6. c4 d6 7. b3 Qe8 8. Bb2 Nc6 9. Nbd2 {[%cal Bb1d2,Bd2e4,Be4c5][%mdl 32]} Bd8 10. Re1 {A96: Classical Dutch: Fluid Systems: Early deviations.} e5 {With the idea ...e4.} 11. e4 $1 {[%cal Re4f5]} fxe4 (11... f4 $1 $14) 12. dxe5 $16 {White is better.} dxe5 13. Nxe4 {[#]} Bg4 $146 ({Predecessor:} 13... Qh5 14. Nxe5 Ng4 15. Qd5+ Kh8 16. Nxg4 Qxg4 17. Nc5 Be7 18. Nd3 Bf5 19. Ne5 Nxe5 20. Qxe5 {1-0 (29) Summerscale,A (2500)-Spice,A (2210) England 1997}) 14. h3 Bh5 {[#]} (14... Bxf3 $16 15. Qxf3 (15. Bxf3 Be7 $16) 15... Be7 16. Nxf6+ gxf6) 15. g4 $1 $18 {[%cal Rg4h5]} Bg6 {[#]} 16. Nc5 $1 e4 {Black wants to play ...Be7.} 17. Ng5 ({But not} 17. Nxb7 $6 Be7 $16) 17... h6 18. Ngxe4 Nxe4 19. Nxe4 {Strongly threatening Nd6!} Be7 20. Re3 (20. Ng3 $18) 20... Kh8 (20... Rd8 $16 {might work better.} 21. Qf1 Nb4) 21. Qe2 {aiming for Ng3.} Qf7 22. Rf3 Qe6 23. Qe3 {Intending Qxh6+ and mate.} Rad8 $2 {[%mdl 8192]} (23... Bxe4 $16 24. Rxf8+ Rxf8) 24. Qxh6+ {[%mdl 64] Double Attack. Accuracy: White = 75%, Black = 51%.} 1-0